000 00954nam a22002297a 4500
005 20240530110531.0
008 160316s2013 ua g 000 0 ara d
017 _a2012/20649
_bمصر . دار الكتب المصرية
020 _a9789776223332
040 _aEG-CaGPL
082 0 4 _221
_a347.06\
_bت أ
100 0 _aتحسين حمد سمايل .
245 1 2 _aالادلة الناقصة و دور القاضى المدنى فى اكمال حجيتها القانونية :
_bدراسة تحليلية مقارنة /
_cتحسين حمد سمايل .
250 _aط1.
260 _aالقاهرة :
_bالمركز القومى لاصدارات القانونية ،
_c2013 .
300 _a380 ص ؛
_c24 سم .
650 0 4 _aالادلة الجنائية .
650 0 4 _aالتحقيق الجنائى .
650 0 4 _aقانون الاجراءات الجنائية .
942 _2ddc
_cBK
999 _c62082
_d62082